Sports Quiz

Random Sports or Toys Quiz

Sports by Rubber Ducky Quiz Stats

 Plays Quiz Updated Aug 16, 2016

Challenge
Share
Tweet
Score 0/24 Timer 05:00
3 Plays Today
% Correct
Ice Hockey
98%
Martial Arts
97.4%
Baseball
97.3%
Golf
97%
Soccer
96.9%
Basketball
96.9%
Tennis
95.5%
Swimming
95%
Bowling
94.9%
Sumo
94.6%
Boxing
94.5%
Weightlifting
94.4%
% Correct
Skiing
93.5%
Car Racing
93%
Snowboarding
92.6%
Skateboarding
92%
Scuba Diving
90.7%
Surfing
89.9%
Cricket
88.6%
Volleyball
86.2%
Canoeing
85.3%
Fencing
76.2%
Horse Racing
74.5%
Motocross
70.1%

You're not logged in!

Compare scores with friends on all Sporcle quizzes.
OR
Log In

You Might Also Like...

Show Comments

Extras

Top Quizzes Today


Score Distribution

Your Account Isn't Verified!

In order to create a playlist on Sporcle, you need to verify the email address you used during registration. Go to your Sporcle Settings to finish the process.

Report this User

Report this user for behavior that violates our Community Guidelines.

Details: